| 000 | 00774nam a22002417a 4500 | ||
|---|---|---|---|
| 003 | OSt | ||
| 005 | 20240607031525.0 | ||
| 006 | a | ||
| 008 | 240607b |||||||| |||| 00| 0 eng d | ||
| 020 | _a9789713704191 | ||
| 040 |
_aDWCL-Main lib. _cOC |
||
| 082 | _aFil. 004 V834 2012 | ||
| 110 | _aJemma Development Group | ||
| 245 | _aVisual guide : spreadsheets and databases : MS Excel 2010 & MS Access 2010 / | ||
| 260 |
_aS.l. : _bJemma Development Group, _cc2012 |
||
| 300 |
_avii, _b232 p. : ill. ; _c25 cm. |
||
| 504 | _aIncludes bibliographical references. | ||
| 650 | _a1. Microsoft Excel (Computer file). | ||
| 650 | _a2. Microsoft Access (Computer file). | ||
| 650 | _a3. Spreadsheets. | ||
| 710 | _aJemma Development Group | ||
| 942 |
_2ddc _n0 _cBK - FIL _kFil. |
||
| 999 |
_c346 _d346 |
||